000 00720nam a2200241 a 4500
001 BRCA_334
005 20190320202950.0
008 830525s1983 nyua b 001 0 eng
020 _a0713460547
040 _aDLC
_cDLC
_dDLC
050 4 _aNK3780
_b.C63 1983
100 1 _aColbeck, John
_91111
245 1 0 _aPottery
_bTechniques of Decoration
_cJohn Colbeck ; photographs by Bonnie van de Wetering
260 _aNueva York
_bVan Nostrand Reinhold
_c1983
300 _a288 p.
_bil.
_c26 cm.
500 _aIncluye índice
500 _aDonación Consejo Británico
504 _aBibliografía: p. 283
650 1 4 _aCerámica
_xDecoración
_91112
650 1 4 _aCerámica
_xTécnica
_91113
902 _aDCB
942 _2lcc
_cB
999 _c271
_d271